000
00272nam a22001217a 4500
008
170228b xxu||||| |||| 00| 0 eng d
041
_a
eng
080
_a
616.8 006
100
_a
5
101
_a
SHM
245
_a
CANCER THERAPEUTIC AGENTS
_c
ADAMS .V .R
942
_2
udc
_c
BK
999
_c
6399
_d
6399